Guess the BLACKPINK song - Statistics

General Stats
  • This quiz has been taken 5,671 times
  • The average score is 6 of 11
Answer Stats
Hint Answer % Correct
Just whistle to my heart Whistle
76%
My love is on fire! Playing With Fire
74%
This beat got me feeling like Whistle
69%
It goes a little something like Stay
62%
I be the Bonnie and you be my Clyde As If Its Your Last
52%
This a letter from me to you Stay
52%
Won't you set me free! As If It's Your Last
48%
I know you wanna touch Boombayah
46%
Look at me, look at me now Playing With Fire
44%
Pretty as shhh, don't got to say it no more So Hot
43%
I wanna dance Boombayah
34%
No matching quizzes found
Score Distribution
Percent of People with Each Score
Percentile by Number Answered
Your Score History
You have not taken this quiz